000 00473nam a2200181Ia 4500
001 25225
005 20260414151135.0
008 260414t2025||||xx |||||||||||||| ||spa||
041 _aESP
082 _a346.4
_bS23
100 _aSánchez Coronado, Carlos Alberto,
_eAUT
245 0 _aLa propiedad y su tutela ante el conflicto de titularidades
_b
260 _c2025
300 _a351 páginas :
_c25 cm.
650 _aDER
654 _aCDE
942 _cLIB
_dJUS
_fJUS
_2ddc
_n
999 _c25225
_d25225